| 000 | 00681cai a22001935a 4500 | ||
|---|---|---|---|
| 001 | L158765 | ||
| 008 | 150714u xxk g 000 0 eng d | ||
| 035 | _a(Sirsi) u158765 | ||
| 041 | 0 | _aeng | |
| 110 | 2 |
_aWelsh Government _96155 |
|
| 245 | 0 | 0 |
_aLaw Wales _h[electronic resource] |
| 520 | _aProvides information about Wales' constitutional arrangements and law made in Wales. Allows searching by topic and contains online journal articles. In Welsh and English. | ||
| 650 | 2 | 4 | _aLAWS |
| 651 | 4 | _aWales | |
| 690 | _aBusiness and management | ||
| 710 | 2 |
_aWestlaw UK _96156 |
|
| 856 | 4 | 0 |
_uhttps://law.gov.wales _zView the website free of charge at www.law.gov.wales |
| 942 | _n0 | ||
| 999 |
_c121038 _d121038 |
||